000 00949nam a2200265Ia 4500
003 OSt
005 20221005105405.0
006 a|||||r|||| 00| 0
007 ta
008 221004b |||||||| |||| 00| 0 hin d
020 _a9788181297310 (hbk)
_cIndian Rupees 300
024 _a33184
037 _bGift, 18/08/2017,
_cTextual
040 _aCRL
_cCRL
_bhin
041 _2hin
_ahin
082 _aO152,6N86x, Q7
100 _aअमित धर्मसिंह, ले.
245 0 _aरचनाधर्मिता के विविध आयाम
246 _aRachanādharmitā ke vividh āyāma
260 _aनई दिल्ली
_bनमन प्रकाशन भारत
_c2017
300 _a128पृ0
_ccm.
650 _aहिन्दी निबंध
942 _hO152,6N86x, Q7
_cTEXL
_2cc
999 _c1015686
_d1015686